区划代码对应的地级行政区:陕西 - Statistics

General Stats
  • This quiz has been taken 5 times
  • The average score is 7 of 10
Answer Stats
区划代码 行政区名称 % Correct
6101 西安市
100%
6102 铜川市
80%
6103 宝鸡市
80%
6104 咸阳市
80%
6105 渭南市
80%
6106 延安市
60%
6107 汉中市
60%
6108 榆林市
60%
6109 安康市
60%
6110 商洛市
60%
No matching quizzes found
Score Distribution
Percent of People with Each Score
Percentile by Number Answered
Your Score History
You have not taken this quiz